Every City and Town in British Columbia on the Map - Statistics

General Stats
  • This quiz has been taken 4,207 times
    3,302 since last reset
  • The average score is 56 of 155
Answers on the Map
Answers color-coded by a green-red scale on the quiz's map according to % correct below.
 
Answer Stats
Type Pop City % Correct
City 631 k Vancouver
97%
City 85.7 k Victoria
95%
City 127 k Kelowna
86%
City 517 k Surrey
86%
City 90.2 k Kamloops
83%
City 90.5 k Nanaimo
83%
City 141 k Abbotsford
81%
City 74.0 k Prince George
81%
City 198 k Richmond
80%
City 232 k Burnaby
79%
City 52.8 k North Vancouver
79%
City 139 k Coquitlam
73%
City 83.7 k Chilliwack
72%
City 102 k Delta
72%
City 25.8 k Langley
70%
District Municipality 42.6 k West Vancouver
69%
City 12.2 k Prince Rupert
68%
District Municipality 5.9 k Hope
65%
City 58.6 k Port Coquitlam
64%
City 19.9 k White Rock
63%
District Municipality 1.8 k Tofino
62%
City 70.9 k New Westminster
60%
City 33.7 k Penticton
60%
District Municipality 17.1 k Squamish
59%
City 40.1 k Vernon
59%
City 82.2 k Maple Ridge
58%
District Municipality 109 k Saanich
58%
City 36.4 k Mission
56%
Town 4.8 k Osoyoos
56%
City 33.5 k Port Moody
54%
City 20.1 k Fort St. John
53%
City 7.5 k Revelstoke
52%
Village 1.1 k Salmo
52%
City 32.5 k Campbell River
51%
Town 3.7 k Golden
51%
City 10.5 k Nelson
51%
City 17.6 k Port Alberni
51%
City 32.6 k West Kelowna
51%
City 20.0 k Cranbrook
49%
City 7.1 k Merritt
49%
City 4.9 k Duncan
48%
City 17.7 k Salmon Arm
48%
City 25.5 k Courtenay
47%
District Municipality 4.0 k Port Hardy
47%
District Municipality 1.8 k 100 Mile House
46%
Town 13.6 k Comox
46%
District Municipality 5.2 k Peachland
45%
Town 11.1 k Sidney
44%
District Municipality 11.2 k Summerland
44%
City 10.7 k Williams Lake
43%
City 35.3 k Langford
42%
City 13.1 k Powell River
42%
City 9.8 k Quesnel
42%
District Municipality 5.3 k Northern Rockies
41%
City 18.5 k Pitt Meadows
41%
District Municipality 11.4 k Sooke
41%
City 11.6 k Terrace
41%
City 12.1 k Dawson Creek
40%
District Municipality 1.6 k Ucluelet
40%
Village 1.4 k Harrison Hot Springs
39%
City 12.5 k Parksville
39%
Town 2.7 k Princeton
39%
City 7.7 k Trail
39%
City 5.2 k Fernie
38%
District Municipality 8.3 k Kitimat
37%
District Municipality 9.2 k Sechelt
36%
City 8.0 k Castlegar
35%
District Municipality 16.2 k Esquimalt
35%
District Municipality 2.3 k Lillooet
35%
District Municipality 18.0 k Oak Bay
35%
Village 2.3 k Pemberton
35%
Town 4.4 k Gibsons
34%
District Municipality 5.6 k Kent
34%
Village 1.3 k Lions Bay
34%
Town 5.4 k Smithers
34%
Town 7.9 k Ladysmith
33%
District Municipality 11.0 k North Saanich
32%
Town 4.8 k Oliver
32%
Village 644 Belcarra
31%
City 4.0 k Grand Forks
31%
Village 2.0 k Anmore
30%
Village 1.0 k Cache Creek
30%
Village 228 Lytton
30%
City 5.1 k Armstrong
29%
Town 5.3 k Creston
29%
District Municipality 4.4 k Vanderhoof
29%
City 7.4 k Kimberley
27%
District Municipality 11.7 k Lake Country
27%
Town 8.6 k Qualicum Beach
27%
District Municipality 2.4 k Sicamous
27%
District Municipality 2.9 k Invermere
26%
City 16.8 k Colwood
25%
City 2.9 k Enderby
25%
District Municipality 3.1 k Houston
25%
Town 2.5 k Port McNeil
25%
Village 777 Radium Hot Springs
25%
District Municipality 2.7 k Tumbler Ridge
24%
Village 2.0 k Burns Lake
23%
Village 2.4 k Chase
23%
District Municipality 1.6 k Fort St. James
23%
Village 884 Masset
23%
Town 2.9 k Lake Cowichan
22%
District Municipality 3.5 k Mackenzie
22%
Town 9.3 k View Royal
22%
District Municipality 15.9 k Central Saanich
21%
District Municipality 2.3 k Clearwater
21%
Village 3.3 k Cumberland
21%
Village 300 Hazelton
21%
Village 1.3 k Keremeos
21%
Village 805 Port Alice
21%
Village 944 Queen Charlotte
21%
District Municipality 494 Stewart
21%
Village 1.0 k Valemount
21%
Village 1.2 k Gold River
20%
Village 1.7 k Lumby
20%
District Municipality 4.8 k Metchosin
20%
Village 1.5 k Nakusp
20%
City 3.7 k Rossland
20%
District Municipality 2.6 k Chetwynd
19%
Village 1.1 k Fraser Lake
19%
District Municipality 3.6 k Sparwood
19%
Village 1.6 k Ashcroft
18%
City 665 Greenwood
18%
Village 1.0 k Kaslo
18%
Village 504 New Denver
18%
Village 445 Alert Bay
17%
Village 636 Clinton
16%
Village 2.0 k Fruitvale
16%
District Municipality 3.6 k Lantzville
16%
District Municipality 2.0 k Logan Lake
16%
Village 586 McBride
16%
District Municipality 666 New Hazelton
16%
District Municipality 10.3 k Coldstream
15%
District Municipality 970 Hudson's Hope
15%
District Municipality 1.7 k Barrière
14%
District Municipality 28.8 k North Cowichan
14%
District Municipality 544 Port Edward
14%
Village 317 Sayward
14%
Village 125 Zeballos
14%
District Municipality 2.5 k Elkford
13%
Village 674 Midway
13%
Village 316 Tahsis
13%
District Municipality 1.3 k Taylor
13%
Village 1.3 k Telkwa
13%
District Municipality 2.1 k Highlands
12%
Village 378 Port Clements
12%
Village 296 Slocan
12%
District Municipality 245 Wells
12%
Village 715 Canal Flats
11%
Village 738 Pouce Coupe
10%
Village 195 Silverton
10%
Village 1.7 k Warfield
9%
Village 303 Granisle
8%
Village 1.0 k Montrose
8%
District Municipality 5.0 k Spallumcheen
8%
No matching quizzes found
Score Distribution
Percent of People with Each Score
Percentile by Number Answered
Your Score History
You have not taken this quiz since the last reset